The second green revolution : analysis of farm forestry experience in western Tarat region of Uttar Pradesh and coastal Andhra Pradesh

Bibliographic Details
Main Author: SAIGAL
Other Authors: Kashyap
Format: Book
Published: New Delhi; London : Ecotech Services; International Institute for Environment and Development , 2002
Series:Instruments for sustainable private sector forestry; no. 6
Subjects:

MARC

LEADER 00000cam a2200000 7i4500
001 0000002447
005 20030623.0
020 0 0 |a 8190144650 
090 0 0 |a 634.990954   |b SAI 2002 
100 1 0 |a SAIGAL   |h Sushil 
245 1 4 |a The second green revolution :   |b analysis of farm forestry experience in western Tarat region of Uttar Pradesh and coastal Andhra Pradesh   |c Sushil Saigal, Divya Kashyap 
260 0 0 |a New Delhi; London :   |b Ecotech Services; International Institute for Environment and Development ,   |c 2002 
300 |a xx, 180 p. :   |b col. ill. ;   |c 22 cm. 
440 0 0 |a Instruments for sustainable private sector forestry; no. 6 
500 0 0 |a Bibliography : p. 175-180 
650 0 0 |a Agroforestry   |z India 
650 0 0 |a Sustainable forestry 
700 0 1 |a Kashyap   |h Divya 
998 |a JPSM 
999 |a 0000004326   |b Monograph   |c Open Shelf   |e Default branch